LEADER 00779nam a2200193 i 4500 001 000000216685 003 CaOOAMICUS 005 20121107000000.0 008 121107s1793 it u000 u ita u 013 $a195580 026 $ae.la r.." t.n- (d(c (3) 1793 (R) 040 $aSeMil$bita 245 10$aTomo 2. 300 $a256 p. 500 $aSegn. : A-Q8. 773 0 $tDizionario portatile della teologia tradotto dal francese nell'italiano, ed accresciuto di note, e di articoli dal p. abate d. Prospero Dell'Aquila ... Tomo 1. [-3.].$bEdizione quinta veneta.$dIn Venezia : Appresso Silvestro Gatti, 1793.$g2$w()27482 850 $aSeMil 852 $aSeMil$W1$xVenegono$y1$m2D II 6 FA$j167101$B167101$CSeMilBibl$Z2$F177904 $8I 996 $6245$aTomo 2$9(OLS)http://semarc/title/49331 LEADER 00810nam a2200217 i 4500 001 000000106342 003 CaOOAMICUS 005 20030519000000.0 008 030519s1980 it u000 u ita u 013 $a78536 040 $aSeMil$bita 100 1 $aMartina, Giacomo,$c.$0(OLS)http://semarc/name/708 245 10$aStoria della Chiesa /$cGiacomo Martina. 260 $aRoma :$bUt unum sint,$c1980. 300 $a458 p. ;$c21 cm. 650 4$aChiesa - Storia - Manuali.$0(OLS)http://semarc/subject/3352 850 $aSeMil 852 $aSeMil$W1$xVenegono$y1$m3A II 285$j62479$B62479$CSeMilBibl$Z2$F75458 $81 961 $aLascito: Olgiati don Giuseppe 996 $6245$aStoria della Chiesa$9(OLS)http://semarc/title/234 996 $6260$aRoma :$bUt unum sint$9(OLS)http://semarc/publisher/38893